00579nam a2200193Ia 450000500170000000800410001702000150005808200210007310000170009424500470011126000410015830000240019965000100022365000140023365000200024794200060026795200970027399900150037020250117024242.0240331s9999 xx 000 0 und d a0195639146 bVIJ22578a305.3 aRamaswamy, V 0aDivinity & Deviance:bWomen in Virasaivism aDelhibOxford University Pressc1996 axxi, 137 p., (C II) aWomen aReligion  aReligious poems cL 001040708LaWERCLbWERCLcSSCd2024-03-31l0o 305.3 RAMp2578r2024-03-31w2024-03-31yL c1603d1603